A Kisteleki Kistérség turisztikai célú elemzése

Bibliográfiai részletek
Szerző: Tóth Mercédesz
További közreműködők: Remenyik Dr. Bulcsú
Dokumentumtípus: Diplomadolgozat
Kulcsszavak:Turizmus, vidéki
Kistérség, Kisteleki
Online Access:http://dolgozattar.uni-bge.hu/59406

MARC

LEADER 00000nta a2200000 i 4500
001 dolg59406
005 20260114155429.0
008 260114suuuu hu om 000 hun d
040 |a BGE Dolgozattár Repozitórium  |b hun 
041 |a hu 
100 1 |a Tóth Mercédesz 
245 1 2 |a A Kisteleki Kistérség turisztikai célú elemzése  |c Tóth Mercédesz  |h [elektronikus dokumentum] 
695 |a Turizmus, vidéki 
695 |a Kistérség, Kisteleki 
700 1 |a Remenyik Dr. Bulcsú  |e ths 
856 4 0 |u http://dolgozattar.uni-bge.hu/59406/1/Toth-Mercedesz.pdf  |z Dokumentum-elérés